000 00331nam a2200133 4500
999 _c11881
_d11881
008 210113b ||||| |||| 00| 0 eng d
082 0 0 _a891.43
_bM6843
100 _93451
_aMitra, Bimal
245 1 0 _aEkai dahai saikda /
_cby Bimal Mitra
260 _a[s.l.]
_b[s.n.]
_c?
300 _a.
650 0 _aHindi fiction
942 _2ddc
_cBK